000 00349nam a2200157Ia 4500
003 0STCL
008 150530s9999 xx 000 0 und d
040 _aSTCL
_cSTCL
100 _aSethi, J.D.
245 _aIndian economy under siege
260 _bVikas
_c1993
546 _aEnglish
942 _2ddc
_cBK
999 _c7918
_d7918
005 20220125165458.0